000 00502cam a2200181ua 4500
020 _a0-521-36312-8
041 _aeng
_h
082 _a510.02462
_bSTE/AD
100 _aStephenson, G .
245 _aAdvanced mathematical methods for engineering and science students /
_cG Stephenson.
_hTextual Documents
250 _a1 /
_b.
260 _aCambridge :
_bCambridge University Press ,
_c1990.
300 _a ; .
504 _a
700 1 _aRadmore , P M .
942 _cBK
999 _c10720
_d10720